| 000 | 01035cam a2200265 a 4500 | ||
|---|---|---|---|
| 001 | 14004624 | ||
| 005 | 20060228125220.0 | ||
| 008 | 050616s2006 mauac b 001 0 eng d | ||
| 020 | _a0618496335 (pbk.) | ||
| 040 |
_aICO _cICO _dDLC |
||
| 082 | 0 | 0 |
_a333.7 _222 _bHAR |
| 100 | 1 |
_aHarris, Jonathan M. _930220 |
|
| 245 | 1 | 0 |
_aEnvironmental and Natural Resource Economics : _ba Contemporary Approach / _cJonathan M. Harris. |
| 250 | _a2nd ed. | ||
| 260 |
_aBoston : _bHoughton Mifflin, _cc2006. |
||
| 300 |
_axvii, 503 p. : _bill., ports. ; _c24 cm. |
||
| 504 | _aIncludes bibliographical references and index. | ||
| 650 | 0 |
_aEnvironmental economics. _930221 |
|
| 650 | 0 |
_aNatural resources. _930222 |
|
| 650 | 0 |
_aEnvironmental policy. _930223 |
|
| 653 |
_bEco _cJune2012 |
||
| 942 |
_2ddc _cBB |
||
| 999 |
_c16794 _d16794 |
||